[Event "ESP-ch 86th"]
[Site "Linares"]
[Date "2021.08.22"]
[Round "7"]
[White "Amador Garcia, Ismael"]
[Black "Crespo Ruiz, Manuel"]
[Result "1-0"]
[WhiteElo "2222"]
[BlackElo "1975"]
[PlyCount "75"]
[EventDate "2021.08.16"]
[EventType "swiss"]
[EventRounds "9"]
[EventCountry "ESP"]
[SourceTitle "CBM 204 Extra"]
[Source "ChessBase"]
[SourceDate "2021.11.30"]
[SourceVersion "1"]
[SourceVersionDate "2021.11.30"]
[SourceQuality "1"]

1. e4 c5 2. Nf3 Nc6 3. Bb5 e5 4. c3 Bd6 5. 0-0 a6 6. Bc4 Nf6 7. d4 cxd4 8. cxd4 exd4 9. Nxd4 0-0 10. Nf5 Be5 11. Nc3 d6 12. Bg5 Bxf5 13. exf5 Qc8 14. Bd3 Nb4 15. Rc1 Qd7 16. Bb1 h6 17. Bh4 Rac8 18. a3 Nc6 19. Qd3 b5 20. b4 Qa7 21. Ne4 Qd4 22. Qf3 Ne7 23. Rcd1 Qb6 24. Bxf6 gxf6 25. Qh5 Kh7 26. Ba2 Qc6 27. Rfe1 d5 28. Nc5 Qd6 29. h3 Rg8 30. Bxd5 Rg7 31. Bxf7 Qc6 32. Bg6+ Nxg6 33. fxg6+ Rxg6 34. Rd7+ Rg7 35. Qf5+ Kh8 36. Rxg7 Kxg7 37. Ne6+ Kf7 38. Rxe5 1-0

[Event "ESP-chT CECLUB Div2"]
[Site "Linares"]
[Date "2020.08.28"]
[Round "6.4"]
[White "Crespo Ruiz, Manuel"]
[Black "Blasco de la Cruz, Luis"]
[Result "1-0"]
[WhiteElo "2045"]
[BlackElo "1921"]
[PlyCount "87"]
[EventDate "2020.08.24"]
[EventType "team-tourn"]
[EventRounds "6"]
[EventCountry "ESP"]
[SourceTitle "CBM 198 Extra"]
[Source "ChessBase"]
[SourceDate "2020.11.30"]
[SourceVersion "1"]
[SourceVersionDate "2020.11.30"]
[SourceQuality "1"]
[WhiteTeam "Nazari"]
[BlackTeam "Villalba 64 Miscasa"]
[WhiteTeamCountry "ESP"]
[BlackTeamCountry "ESP"]

1. d4 Nf6 2. Nf3 g6 3. Bg5 Bg7 4. Nbd2 d5 5. e3 c5 6. c3 cxd4 7. exd4 0-0 8. Bd3 Qb6 9. Nb3 Bg4 10. h3 Bxf3 11. Qxf3 Qe6+ 12. Be3 Nbd7 13. 0-0 Qb6 14. Bf4 Rac8 15. Rfe1 Rfe8 16. Qd1 Nh5 17. Be3 Qc7 18. Be2 Nhf6 19. a4 Ne4 20. a5 Ndf6 21. Qc1 a6 22. Bf4 Qc6 23. Ra3 Nd7 24. Qd1 e6 25. Nc1 e5 26. dxe5 Bxe5 27. Be3 Bd6 28. Ra1 Bc5 29. Bd4 Bxd4 30. Qxd4 Ndc5 31. Rd1 Rcd8 32. Bf3 Ng5 33. Qg4 Nxf3+ 34. Qxf3 Re7 35. Na2 Nb3 36. Nb4 Qc4 37. Ra3 d4 38. Nc2 Rde8 39. cxd4 Qxc2 40. Rxb3 Re1+ 41. Rxe1 Rxe1+ 42. Kh2 Qc7+ 43. g3 Re6 44. Rxb7 1-0

[Event "Granada Nazari 1st op"]
[Site "Granada"]
[Date "2014.04.17"]
[Round "3.4"]
[White "Crespo Ruiz, Manuel"]
[Black "Roussey, Quentin"]
[Result "0-1"]
[WhiteElo "1977"]
[BlackElo "1919"]
[PlyCount "70"]
[EventDate "2014.04.15"]
[EventType "swiss"]
[EventRounds "7"]
[EventCountry "ESP"]
[SourceTitle "EXT 2024"]
[Source "ChessBase"]
[SourceDate "2023.10.10"]
[SourceVersion "1"]
[SourceVersionDate "2023.10.10"]
[SourceQuality "1"]
[WhiteTeam "Granada Comb"]
[BlackTeam "International Comb"]
[WhiteTeamCountry "ESP"]
[BlackTeamCountry "ESP"]

1. d4 Nf6 2. Nf3 e6 3. Bg5 d5 4. e3 b6 5. Nbd2 Bb7 6. Bd3 Nbd7 7. 0-0 Be7 8. Ne5 Nxe5 9. dxe5 Nd7 10. Bf4 c5 11. c3 Qc7 12. Nf3 0-0-0 13. Bb5 h6 14. Qa4 g5 15. Bg3 h5 16. h4 gxh4 17. Bxd7+ Rxd7 18. Nxh4 Bc6 19. Qf4 Qd8 20. Nf3 h4 21. Bh2 Qg8 22. Nd2 Rh5 23. Qf3 Rf5 24. Qe2 d4 25. e4 Rg5 26. f3 d3 27. Qf2 c4 28. b4 b5 29. Bf4 Bd8 30. Kh1 Bb6 31. Be3 Bxe3 32. Qxe3 Rxg2 33. Rf2 h3 34. f4 Rd8 35. Qxa7 Qg3 0-1